000 01002cam a22003017a 4500
003 CHAP
005 20220329142044.0
008 990504 1983 mx r 00110 spa d
010 _a77731
011 _a78703
035 _a88721
040 _cCHAP
090 _aFolleto 15342
110 2 _aUACH. Departamento de Industrias Agrícolas
_9115870
245 1 0 _aReglamento de tesis y examen profesional
_c/por UACH. Departamento de Industrias Agrícolas
260 _aChapingo, Méx. :
_bUACH. Departamento de Industrias Agrícolas,
_c1983.
300 _a45 p.
590 _aBATCH-UPD
_b10
_c20130110
_lUCH01
_h1021
590 _aBATCH-UPD
_b10
_c20130410
_lUCH01
_h0627
590 _aBATCH-UPD
_b10
_c20130914
_lUCH01
_h2044
590 _aCONVERSION
_b10
_c20130109
_lUCH01
_h1343
650 1 4 _aTesis.
_9112464
650 1 4 _aTrabajos científicos
_xElaboración.
_9114562
901 _aBK
905 _aAlejandra Carrasco M.
942 _cFOLL
949 _aFolleto 15342
_bBC
_cUACH
_d887211
_eUACH
_i88721
_sb
999 _c77731
_d77731